| 000 | 00821cam a22002651 4500 | ||
|---|---|---|---|
| 001 | g 01000309 | ||
| 003 | DLC | ||
| 005 | 20260227111251.0 | ||
| 008 | 960129s1899 gw 000 0 ger | ||
| 010 | _ag 01000309 | ||
| 035 | _a(OCoLC)34097548 | ||
| 040 |
_aDLC _cLU _dDLC |
||
| 042 | _apremarc | ||
| 050 | 0 | 0 |
_aPC3047.N3 _bN5 1899 |
| 082 | 0 | 0 | _a447.9 |
| 100 | 1 |
_aNiederländer, Johann Joseph, _d1877- |
|
| 245 | 1 | 4 |
_aDie mundart von Namur ... _cvon Johann Niederländer ... |
| 260 |
_aHalle a.S., _bE. Karras, _c1899. |
||
| 300 |
_a1 p. l., 32, [2] p. _c23 cm. |
||
| 500 | _aCover-title. | ||
| 502 | _aInaug.-diss.--Bonn. | ||
| 500 | _aVita. | ||
| 500 | _aContains only part of the treatise; the whole published in "Zeitschrift für romanische philolgoie", bd. 24. | ||
| 650 | 0 |
_aWalloon dialect _xPhonology. |
|
| 999 |
_c23438 _d23438 |
||